000
00310nam a22001217a 4500
008
180822b xxu||||| |||| 00| 0 eng d
041
_a
eng
080
_a
616.8
100
_a
7
101
_a
NEU
245
_a
RADIATION THERAPY OF TUMORS AND DISEASE OF THE NERVOUS SYSTEM
_c
BOUCHRD.J
942
_2
udc
_c
BK
999
_c
47251
_d
47251